000
00324nam a2200133Ia 4500
005
20251222144734.0
008
251222s9999||||xx |||||||||||||| ||spa||
020
_a
2-7118-2798-4
082
_a
708.4/O6
100
_a
Mathieu, Caroline
245
0
_a
Musíe d'Orsay:
264
_b
Réunion de Musíes Nationaux
942
_c
LIB
999
_c
18696
_d
18696